Loading...
| Social Science | 0 | 3 | 0 | 0 | 30 | 101 | 127.00 | 0 | 2 | 0.00 | 0.00 |
| Modern World | 1 | 1 | 0 | 0 | 25 | 59 | 101.50 | 0 | 1 | 0.00 | 0.00 |
| Literature - British | 0 | 2 | 0 | 0 | 20 | 115 | 139.50 | 1 | 2 | 0.00 | 0.00 |
| Fine Arts - Classical Music and Opera | 0 | 2 | 0 | 1 | 20 | 149 | 158.50 | 0 | 0 | 0.00 | 0.00 |
| History - Other | 0 | 1 | 0 | 1 | 10 | 134 | 134.00 | 0 | 0 | 0.00 | 0.00 |
| Philosophy | 0 | 1 | 0 | 0 | 10 | 115 | 115.00 | 0 | 0 | 0.00 | 0.00 |
| Fine Arts - Other | 0 | 1 | 0 | 0 | 10 | 96 | 96.00 | 0 | 0 | 0.00 | 0.00 |
| Geography | 0 | 1 | 0 | 1 | 10 | 155 | 155.00 | 0 | 0 | 0.00 | 0.00 |
| History - World | 0 | 1 | 1 | 0 | 5 | 144 | 144.00 | 0 | 0 | 0.00 | 0.00 |
| History - US | 0 | 1 | 1 | 1 | 5 | 153 | 153.00 | 0 | 0 | 0.00 | 0.00 |
| Beliefs | 0 | 1 | 1 | 0 | 5 | 104 | 104.00 | 1 | 1 | 0.00 | 0.00 |
| Science - Chemistry | 0 | 0 | 0 | 0 | 0 | 0.00 | 0 | 0 | 0.00 | 0.00 |